Statistiques concernant Footballeur par pays

Cliquez ici pour prendre le quiz!

Statistiques générales

  • Ce quiz a été pris 594 fois
  • Le résultat moyen est 14 sur 18

Statistiques - réponses

joueurPays% Correct
Rui PatricioPortugal
96%
Marco ReusAllemagne
94%
Mohamed SalahEgypte
94%
Sadio ManeSenegal
94%
Manuel NeuerAllemagne
92%
Blaise MatuidiFrance
92%
Christian EriksenDanemark
91%
David SilvaEspagne
90%
Alessandro Del PieroItalie
89%
Radamel FalcaoColombie
86%
Dennis BergkampPays-Bas
82%
Lev YachineRussie /
Union soviétique
81%
Jordan HendersonRoyaume-Uni
79%
Guillermo OchoaMexique
78%
Adnan JanuzajBelgique
50%
Maciej RybusPologne
29%
Iván ZamoranoChili
24%
Tore André FloNorvege
14%

Distribution des résultats

Percentile par nombre de réponses

% des personnes avec chaque résultat

Votre développement - résultats

Vous n’avez pas pris ce quiz